Complex representations of GL (2,K) for finite fields K
Αποθηκεύτηκε σε:
| Κύριος συγγραφέας: | |
|---|---|
| Μορφή: | Βιβλίο |
| Γλώσσα: | English |
| Δημοσίευση: |
Providence, R.I. :
American Mathematical Society,
c1983
|
| Σειρά: | Contemporary mathematics (American Mathematical Society) ;
; v. 16 |
| Θέματα: | |
| Ετικέτες: |
Προσθήκη ετικέτας
Δεν υπάρχουν, Καταχωρήστε ετικέτα πρώτοι!
|
MARC
| LEADER | 00000nam a2200000 i 4500 | ||
|---|---|---|---|
| 001 | 1/3189 | ||
| 008 | 000518s1983 eng d | ||
| 020 | |a 0-8218-5019-9 | ||
| 035 | |l 10060709 | ||
| 040 | |a GR-MY-UA |b gre |e aacr | ||
| 041 | 0 | |a eng | |
| 082 | 0 | |a 512.2 | |
| 100 | 1 | |a Piatetski-Shapiro, IIya Iosifovich |d 1929- | |
| 245 | 1 | 0 | |a Complex representations of GL (2,K) for finite fields K / |c Ilya Piatetski-Shapiro |
| 260 | |a Providence, R.I. : |b American Mathematical Society, |c c1983 | ||
| 300 | |a ix, 71 p.; |c 26 cm. | ||
| 490 | 1 | |a Contemporary mathematics |v ; v. 16 | |
| 504 | |a Includes index | ||
| 650 | 0 | 0 | |a Linear algebraic groups. |
| 650 | 0 | 0 | |a Representations of groups. |
| 650 | 0 | 0 | |a Finite fields (Algebra) |
| 830 | 0 | |a Contemporary mathematics (American Mathematical Society) ; |v ; v. 16 | |
| 852 | |a INST |b SAMOS |e 20000518 |h 512.2 PIA |p 005300017395 |q 005300017395 |t BK |y 0 | ||
| 901 | |a BIBL3-2000-2 | ||
| 909 | |a Σ |b 067869 | ||
| 922 | |a 3ΕΛΗ |b 199911 |c ΕΠΕΑΕΚ/ΜΑΘ |d ΠΑΠΑΣΩΤΗΡΙΟΥ | ||
| 970 | |a ΚΟΣΙΕΡΗΣ |b ΧΡΗΣΤΟΣ |z 2000/05/18 | ||